Computer Organization and Design : (Record no. 16568)
[ view plain ]
| 000 -LEADER | |
|---|---|
| fixed length control field | 03151cam a2200469 a 4500 |
| 001 - CONTROL NUMBER | |
| control field | 16915199 |
| 005 - DATE AND TIME OF LATEST TRANSACTION | |
| control field | 20120206140511.0 |
| 008 - FIXED-LENGTH DATA ELEMENTS--GENERAL INFORMATION | |
| fixed length control field | 110811s2012 maua 001 0 eng |
| 010 ## - LIBRARY OF CONGRESS CONTROL NUMBER | |
| LC control number | 2011029199 |
| 020 ## - INTERNATIONAL STANDARD BOOK NUMBER | |
| International Standard Book Number | 9780123747501 (pbk.) |
| 040 ## - CATALOGING SOURCE | |
| Original cataloging agency | DLC |
| Transcribing agency | DLC |
| 042 ## - AUTHENTICATION CODE | |
| Authentication code | pcc |
| 050 00 - LIBRARY OF CONGRESS CALL NUMBER | |
| Classification number | QA76.9.C643 |
| Item number | H46 2012 |
| 082 00 - DEWEY DECIMAL CLASSIFICATION NUMBER | |
| Classification number | 004.22 |
| Edition number | 23 |
| Item number | PAT |
| 100 1# - MAIN ENTRY--PERSONAL NAME | |
| Personal name | Patterson, David A. |
| 9 (RLIN) | 29321 |
| 245 10 - TITLE STATEMENT | |
| Title | Computer Organization and Design : |
| Remainder of title | The Hardware/Software Interface / |
| Statement of responsibility, etc | David A. Patterson, John L. Hennessy. |
| 250 ## - EDITION STATEMENT | |
| Edition statement | 4th ed. |
| 260 ## - PUBLICATION, DISTRIBUTION, ETC. (IMPRINT) | |
| Place of publication, distribution, etc | Waltham, MA : |
| Name of publisher, distributor, etc | Morgan Kaufmann, |
| Date of publication, distribution, etc | 2012. |
| 300 ## - PHYSICAL DESCRIPTION | |
| Extent | xxv, 703 p. : |
| Other physical details | ill. (some col.) ; |
| Dimensions | 25 cm. + |
| Accompanying material | 1CD-ROM |
| 490 0# - Series Statement | |
| Series statement | The Morgan Kaufmann series in computer architecture and design |
| -- | 29322 |
| 500 ## - GENERAL NOTE | |
| General note | Rev. ed. of: Computer organization and design / John L. Hennessy, David A. Patterson. 1998. |
| 500 ## - GENERAL NOTE | |
| General note | Includes index. |
| 505 8# - FORMATTED CONTENTS NOTE | |
| Formatted contents note | Machine generated contents note: Computer Abstractions and Technology Instructions: Language of the Computer Arithmetic for Computers Assessing and Understanding Performance The Processor Enhancing Performance with Pipelining Large and Fast: Exploiting Memory Hierarchy Storage, Networks and Other Peripherals Multiprocessors and Clusters Mapping Control to Hardware A Survey of RISC Architectures for Desktop, Server, and Embedded Computers. |
| 520 ## - SUMMARY, ETC. | |
| Summary, etc | "Presents the fundamentals of hardware technologies, assembly language, computer arithmetic, pipelining, memory hierarchies and I/O"-- |
| 650 #0 - SUBJECT ADDED ENTRY--TOPICAL TERM | |
| Topical term or geographic name as entry element | Computer organization. |
| 9 (RLIN) | 29323 |
| 650 #0 - SUBJECT ADDED ENTRY--TOPICAL TERM | |
| Topical term or geographic name as entry element | Computer engineering. |
| 9 (RLIN) | 29324 |
| 650 #0 - SUBJECT ADDED ENTRY--TOPICAL TERM | |
| Topical term or geographic name as entry element | Computer interfaces. |
| 9 (RLIN) | 29325 |
| 653 ## - INDEX TERM--UNCONTROLLED | |
| Resource For college | |
| Arrived date list | March2012 |
| 700 1# - ADDED ENTRY--PERSONAL NAME | |
| Personal name | Hennessy, John L. |
| 9 (RLIN) | 29326 |
| 700 1# - ADDED ENTRY--PERSONAL NAME | |
| Personal name | Hennessy, John L. |
| Title of a work | Computer organization and design. |
| 9 (RLIN) | 29327 |
| 942 ## - ADDED ENTRY ELEMENTS (KOHA) | |
| Source of classification or shelving scheme | Dewey Decimal Classification |
| Item type | Book - Borrowing |
| Withdrawn status | Item status | Source of classification or shelving scheme | Damaged status | Not for loan | Vendor | Home library | Current library | Shelving location | Date acquired | Source of acquisition | Total Checkouts | Full call number | Barcode | Date last seen | Koha item type | Total Renewals | Date last borrowed | Materials specified (bound volume or other part) |
|---|---|---|---|---|---|---|---|---|---|---|---|---|---|---|---|---|---|---|
| Dewey Decimal Classification | Baccah | Central Library | Central Library | Lower Floor | 08/03/2012 | 004.22 PAT | 000026386 | 15/07/2025 | NB - Book (Non borrowing) | |||||||||
| Dewey Decimal Classification | Baccah | Central Library | Central Library | Lower Floor | 08/03/2012 | 3 | 004.22 PAT | 000026387 | 15/07/2025 | Book - Borrowing | 21 | 20/02/2019 | ||||||
| Dewey Decimal Classification | Baccah | Central Library | Central Library | Lower Floor | 08/03/2012 | 4 | 004.22 PAT | 000026388 | 15/07/2025 | Book - Borrowing | 7 | 20/05/2019 | ||||||
| Dewey Decimal Classification | Baccah | Central Library | Central Library | Lower Floor | 08/03/2012 | 1 | 004.22 PAT | 000026389 | 15/07/2025 | Book - Borrowing | 11 | 26/02/2018 | ||||||
| Dewey Decimal Classification | Baccah | Central Library | Central Library | Lower Floor | 18/03/2012 | 004.22 PAT | 000026444 | 24/08/2022 | CD | DVD - With book (NB) | |||||||||
| Dewey Decimal Classification | Baccah | Central Library | Central Library | Lower Floor | 18/03/2012 | 004.22 PAT | 000026445 | 24/08/2022 | CD | DVD - With book | |||||||||
| Dewey Decimal Classification | Baccah | Central Library | Central Library | Lower Floor | 18/03/2012 | 004.22 PAT | 000026446 | 24/08/2022 | CD | DVD - With book | |||||||||
| Lost | Dewey Decimal Classification | Baccah | Central Library | Central Library | Lower Floor | 18/03/2012 | 004.22 PAT | 000026447 | 18/03/2012 | CD | DVD - With book | Lost In Inventory_2015-8-23 | |||||||
| Dewey Decimal Classification | Central Library | Central Library | Lower Floor | 22/04/2012 | 004.22 PAT | 000026660 | 24/08/2022 | CD | DVD - With book |